000 00540nam a22001937a 4500
005 20251108175050.0
008 250721s2010 xx 000 0 eng d
082 1 4 _aJ/F/HUT
100 1 _aHutchinson, Emily
245 1 0 _aAndy plays the guitar /
264 1 _aamman :
_bal-rowad for publishing & distribution,
_c2010.
300 _a8p.
490 0 _alittle reader : dare & share
650 1 7 _achildren
650 1 7 _afiction
653 _aاطفال مرحلة متوسطة (6-9) سنوات
942 _2ddc
_cBK
999 _c125307
_d125307